| 000 | 00502nam a2200205Ia 4500 | ||
|---|---|---|---|
| 001 | 144651 | ||
| 003 | 237539 | ||
| 005 | 20250723062540.0 | ||
| 008 | 150716s1999 ||||||||| 000 0 spa d | ||
| 082 | _a574.5 | ||
| 100 |
_aRamírez González, Alberto _9176921 |
||
| 245 | 0 |
_aEcología aplicada _bdiseño y análisis estadístico |
|
| 250 | _aPrimera edición | ||
| 260 | _c1999. | ||
| 562 | _e1 | ||
| 650 | 0 |
_aBiometría _9176922 |
|
| 650 | 0 |
_aEcología _91981 |
|
| 942 | _cBKM | ||
| 999 |
_c144651 _d144651 |
||
| 526 | _a4969 | ||